| 000 | 00000nam 2200000za 4500 |
| 001 | 9.674415 |
| 003 | CaOODSP |
| 005 | 20250507160845 |
| 007 | cr ||||||||||| |
| 008 | 150407|2005||||xxc|||||o f|0| 0 iku d |
| 020 | |a0-662-02793-0 |
| 040 | |aCaOODSP|beng |
| 043 | |an-cn--- |
| 086 | 1 |aR2-401/2005Iku2-PDF|zR2-401/2005S-PDF |
| 110 | 1 |aCanada. |bIndian and Northern Affairs Canada. |
| 245 | 10|aArticle 23 - Inuit employment plan, 2002-2007 |h[electronic resource]. |
| 250 | |a[Inuktitut edition]. |
| 260 | |aOttawa - Ontario : |bIndian and Northern Affairs |c[2005]. |
| 300 | |a210p.|btables |
| 546 | |aText in Inuktitut. |
| 590 | |a11-07-Supp|b2011-05-17 |
| 775 | 08|tArticle 23 - Inuit employment plan, 2002-2007 |w(CaOODSP)9.687542 |
| 775 | 08|tChapitre 23 - plan d'embauchage des Inuit, 2002-2007 |w(CaOODSP)9.631990 |
| 792 | |tChapitre 23 - plan d'embauchage des Inuit, 2002-2007 |efre|w(CaOODSP)9.674416 |
| 856 | 40|ahttp://publications.gc.ca|qPDF|s1846 KB|uhttps://publications.gc.ca/collections/collection_2011/ainc-inac/R2-401-2005-iku.pdf |